Statistics for Top 15 countries with most Ahmadis

Click here to take the quiz!

General Stats

  • This quiz has been taken 18 times
  • The average score is 7 of 15

Answer Stats

HintAnswer% Correct
1,000,000India
100%
4,900,000Pakistan
94%
100,000Bangladesh
76%
400,000Indonesia
71%
970,000Niger
47%
2,840,000Nigeria
47%
635,000Ghana
35%
500,000Sierra Leone
35%
2,540,000Tanzania
35%
220,000Chad
29%
198,000Kenya
29%
192,000Uganda
29%
260,000Mali
24%
430,000Cameroon
18%
540,000DRC
18%

Score Distribution

Percentile by Number Answered

Percent of People with Each Score

Your Score History

You have not taken this quiz